header

The social construction of intellectual disability (Record no. 183331)

MARC details
000 -LEADER
fixed length control field 01263nam a2200337Ia 4500
082 04 - DEWEY DECIMAL CLASSIFICATION NUMBER
Classification number 362.2/0422
100 1# - MAIN ENTRY--AUTHOR NAME
Personal name Rapley, Mark.
245 14 - TITLE STATEMENT
Title The social construction of intellectual disability
260 ## - PUBLICATION, DISTRIBUTION, ETC. (IMPRINT)
Place of publication Cambridge ;
-- New York :
Name of publisher Cambridge University Press,
Year of publication 2004.
300 ## - PHYSICAL DESCRIPTION
Number of Pages xi, 246 p.
650 #0 - SUBJECT ADDED ENTRY--TOPICAL TERM
Topical Term People with mental disabilities.
Topical Term Social interaction.
Topical Term Group identity.
856 40 - ELECTRONIC LOCATION AND ACCESS
Uniform Resource Identifier http://site.ebrary.com/lib/rucke/Doc?id=10131683

No items available.

© 2026 Rongo University
Contact us: librarian | system librarian | Rongo university